Sports Quiz

Random Sports or Hockey Quiz

League MVPs Hockey OHL WHL QMJHL Quiz Stats

 Plays Quiz not verified by Sporcle

Challenge
Share
Tweet
Embed
Score 0/120 Timer 15:00
0 Plays Today
League Player % Correct
QMJHLSidney Crosby
86.6%
QMJHLSidney Crosby
86.6%
OHLJohn Tavares
72.3%
QMJHLMario Lemieux
67.9%
OHLBobby Smith
66.1%
OHLTyler Seguin
64.3%
OHLEric Lindros
64.3%
WHLRob Brown & Joe Sakic
58%
WHLJoe Sakic
55.4%
OHLCorey Perry
52.7%
WHLRob Brown & Emanuel Viveiros
48.2%
OHLDoug Gilmour
47.3%
QMJHLRamzi Abid
45.5%
WHLJarome Iginla
42%
QMJHLBrad Richards
41.1%
WHLDarcy Kuemper
40.2%
OHLAlyn McCauley
38.4%
OHLAlyn McCauley
38.4%
QMJHLPat Lafontaine
38.4%
QMJHLDale Hawerchuk
36.6%
QMJHLRobert Desjardins
33%
WHLRay Whitney
32.1%
WHLJordan Eberle
31.3%
OHLBrad Boyes
30.4%
OHLBrad Boyes
30.4%
QMJHLMathieu Perreault
29.5%
QMJHLYanic Perreault
29.5%
QMJHLDenis Savard
29.5%
QMJHLAndre Savard
29.5%
QMJHLPierre Lacroix
28.6%
QMJHLLuc Robitaille
26.8%
WHLMarty Murray
25%
QMJHLLucien Deblois
23.2%
OHLRick Middleton
22.3%
QMJHLAlexander Radulov
20.5%
WHLRay Ferraro
20.5%
OHLJason Allison
19.6%
OHLRyan Ellis
18.8%
OHLPeter Lee
18.8%
OHLCody Hodgson
17%
League Player % Correct
QMJHLSean Couturier
17%
WHLDan Hodgson
17%
WHLDoug Wickenheiser
17%
OHLMike Ricci
16.1%
OHLJustin Azevedo
15.2%
OHLCorey Locke
14.3%
OHLCorey Locke
14.3%
OHLDavid Legwand
13.4%
OHLJohn Tucker
13.4%
OHLRay Sheppard
11.6%
QMJHLChristian Dube
11.6%
OHLBryan Fogarty
10.7%
QMJHLPierre-Marc Bouchard
10.7%
OHLBrian Campbell
9.8%
OHLDave Simpson
8.9%
OHLDale McCourt
8.9%
WHLMike Vernon
8.9%
WHLMike Vernon
8.9%
QMJHLSimon Gamache
8%
WHLBrad Moran
8%
OHLPat Peake
7.1%
WHLKarl Alzner
7.1%
WHLCam Ward
7.1%
WHLJosh Harding
7.1%
WHLBernie Federko
6.3%
OHLMichael Houser
5.5%
QMJHLJocelyn Thibault
5.4%
QMJHLCharles Poulin
5.4%
WHLGlen Goodall
5.4%
WHLBarry Beck
5.4%
QMJHLFrancis Pare
4.5%
QMJHLDaniel Corso
4.5%
WHLEric Fehr
4.5%
WHLSergei Varlamov
4.5%
WHLRyan Walter
4.5%
WHLBrendan Shinnimin
4.4%
OHLWojtek Wolski
3.6%
OHLDennis Maruk
3.6%
QMJHLPeter Marsh
3.6%
WHLJustin Pogge
3.6%
League Player % Correct
OHLAndrew Cassels
2.7%
OHLWayne Groulx
2.7%
OHLJim Fox
2.7%
OHLMike Foligno
2.7%
QMJHLMathieu Chouinard
2.7%
WHLRon Chipperfield
2.7%
WHLDennis Sobchuk
2.7%
QMJHLYanni Gourde
2.2%
OHLDavid Ling
1.8%
QMJHLJohn Chabot
1.8%
WHLBrett Sonne
1.8%
WHLCody Rudkowsky
1.8%
WHLStu Barnes
1.8%
WHLEd Staniowski
1.8%
OHLAndrew Raycroft
0.9%
QMJHLMike Hoffman
0.9%
QMJHLJoel Perrault
0.9%
QMJHLAndrew McKim
0.9%
QMJHLStephane Morin
0.9%
WHLPerry Turnbull
0.9%
OHLTodd Simon
0%
OHLScott McCrory
0%
OHLErnie Godden
0%
OHLJack Valiquette
0%
QMJHLNicola Riopel
0%
QMJHLFrederic Chartier
0%
QMJHLEmmanuel Fernandez
0%
QMJHLMarc Saumier
0%
QMJHLDaniel Berthiaume
0%
QMJHLKevin Reeves
0%
QMJHLMario Viens
0%
QMJHLGary MacGregor
0%
WHLKris Russell
0%
WHLDan Hamhuis
0%
WHLJustin Mapletoft
0%
WHLPeter Schaefer
0%
WHLSonny Mignacca
0%
WHLJason Krywulak
0%
WHLSteve Konowalchuk
0%
WHLSteve Tsujiura
0%

You're not logged in!

Compare scores with friends on all Sporcle quizzes.
Join for Free
OR
Log In

You Might Also Like...

Show Comments

Extras

Top Quizzes Today


Score Distribution

Your Account Isn't Verified!

In order to create a playlist on Sporcle, you need to verify the email address you used during registration. Go to your Sporcle Settings to finish the process.

Report this User

Report this user for behavior that violates our Community Guidelines.

Details: